Formula one drivers line-up 2022 - Statistics

General Stats
  • This quiz has been taken 303 times
    298 since last reset
  • The average score is 17 of 22
Answer Stats
Constructor Rounds Driver Nationality % Correct
Ferrari All Carlos Sainz Jr Spain
83%
Red Bull All Max Verstappen Netherlands
83%
Alfa Romeo All Guanyu Zhou China
81%
Ferrari All Charles Leclerc Monaco
80%
Mercedes All George Russell UK
80%
Alfa Romeo All Valtteri Bottas Finland
80%
Red Bull All Sergio Pérez Mexico
78%
Alpine All Esteban Ocon France
76%
Mercedes All Lewis Hamilton UK
76%
Alpha Tauri All Pierre Gasly France
76%
Alpha Tauri All Yuki Tsunoda Japan
76%
Alpine All Fernando Alonso Spain
75%
Aston Martin All Lance Stroll Canada
74%
McLaren All Lando Norris UK
74%
Williams All* Alexander Albon Thailand
73%
McLaren All Daniel Ricciardo Australia
73%
Haas All Kevin Magnussen Denmark
73%
Aston Martin 1-2 Nico Hülkenberg Germany
72%
Williams 16 Nyck de Vries Netherlands
72%
Aston Martin 3-22 Sebastian Vettel Germany
72%
Haas All* Mick Schumacher Germany
69%
Williams All Nicholas Latifi Canada
69%
No matching quizzes found
Score Distribution
Percent of People with Each Score
Percentile by Number Answered
Your Score History
You have not taken this quiz since the last reset